[Event "Tata Steel-A 76th"]
[Site "Wijk aan Zee"]
[Date "2014.01.26"]
[Round "11"]
[White "So, Wesley"]
[Black "Caruana, Fabiano"]
[Result "1/2-1/2"]
[WhiteElo "2719"]
[BlackElo "2782"]
[Annotator "Marin,M"]
[PlyCount "61"]
[EventDate "2014.01.11"]
[EventType "tourn"]
[EventRounds "11"]
[EventCountry "NED"]
[EventCategory "20"]
[SourceTitle "CBM 159"]
[Source "ChessBase"]
[SourceDate "2014.03.17"]
[SourceVersion "1"]
[SourceVersionDate "2014.03.17"]
[SourceQuality "1"]

1. d4 Nf6 2. c4 g6 3. Nc3 d5 4. cxd5 Nxd5 5. e4 Nxc3 6. bxc3 Bg7 7. Nf3 c5 8.
Rb1 O-O 9. Be2 cxd4 10. cxd4 Qa5+ 11. Bd2 Qxa2 12. O-O Bg4 13. Be3 Nc6 14. Rxb7
Rab8 15. Rc7 Rfc8 16. Rxc8+ Rxc8 17. h3 Bd7 18. Bb5 (18. d5 Nb4 19. d6 {
Radjabov,T (2715)-Swiercz,D (2627)/Warsaw 2013/EXT 2014 (1-0, 74)} exd6 $1 $146
20. Qxd6 Bxh3 $1 {[%cal Gg7f8] Amazingly, this tactical blow works out well
for Black.} 21. Qxb4 Qxe2 {[%csl Gf3]} 22. Re1 Qc2 {[%csl Ge1]} 23. gxh3 Bc3
24. Qb7 Bxe1 25. Nxe1 Qc6 26. Qxc6 (26. Qxa7 Qxe4 $11) 26... Rxc6 27. Bxa7 Re6
28. f3 f5 $11) 18... a5 $146 (18... Nb8 {Hernandez Basante,F (2282)-Valdes
Romero,L (2285)/San Jose 2002/EXT 2007 (1/2, 28)}) 19. Qa1 Qxa1 20. Rxa1 Ra8
21. Ba4 e6 22. Nd2 ({White should have maintained the tension with} 22. Kf1 $5
{and Black may still have had to struggle a bit.}) 22... Nxd4 $1 23. Bxd7 Ne2+
24. Kf1 Bxa1 25. Kxe2 a4 {A rook and an outside passed pawn usually are at
least a fair match for two minor pieces. In certain cases, the player with the
pieces is just lost. Here, White is helped by the presence of an additional
piece pair, whicl allows him to avoid troubles.} 26. Bc6 Ra6 27. Bb5 Ra8 28.
Bc6 Ra6 29. Bb5 Ra8 30. Bc4 Rb8 31. Bc5 1/2-1/2

[Event "Zuerich Chess Challenge Blitz"]
[Site "Zuerich"]
[Date "2014.01.29"]
[Round "3"]
[White "Gelfand, Boris"]
[Black "Caruana, Fabiano"]
[Result "0-1"]
[WhiteElo "2777"]
[BlackElo "2782"]
[PlyCount "88"]
[EventDate "2014.01.29"]
[EventType "tourn (blitz)"]
[EventRounds "5"]
[EventCountry "SUI"]
[EventCategory "22"]
[SourceTitle "CBM 158 Extra"]
[Source "ChessBase"]
[SourceDate "2014.02.28"]
[SourceVersion "1"]
[SourceVersionDate "2014.02.28"]
[SourceQuality "1"]

1. d4 e6 2. c4 Bb4+ 3. Nd2 d5 4. Qa4+ Nc6 5. e3 Nf6 6. Ngf3 O-O 7. a3 Bd6 8. c5
Be7 9. b4 a6 10. Bb2 Ne4 11. Bd3 f5 12. b5 Nb8 13. Ne5 Nd7 14. Ndf3 Bf6 15. c6
Nb6 16. Qc2 axb5 17. Bxb5 Nd6 18. a4 Nxb5 19. axb5 Rxa1+ 20. Bxa1 Qd6 21. O-O
bxc6 22. Nxc6 Bd7 23. Nfe5 Bxc6 24. Nxc6 Ra8 25. Bc3 Nc4 26. Bb4 Qd7 27. Qc3
Nd6 28. Bxd6 Qxd6 29. Ra1 Rxa1+ 30. Qxa1 f4 31. Qa8+ Kf7 32. Qa7 fxe3 33. fxe3
Kg6 34. Qc5 Qd7 35. Qc2+ Kh6 36. g3 Qd6 37. Qc5 Qd7 38. Kg2 Qf7 39. Qc1 g5 40.
Qf1 Qg6 41. Qf3 Kg7 42. Qe2 Qe4+ 43. Kg1 g4 44. Qf2 Bg5 0-1

[Event "Zuerich Chess Challenge"]
[Site "Zuerich"]
[Date "2014.01.30"]
[Round "1"]
[White "Nakamura, Hikaru"]
[Black "Caruana, Fabiano"]
[Result "1/2-1/2"]
[WhiteElo "2789"]
[BlackElo "2782"]
[Annotator "Krasenkow,M"]
[PlyCount "133"]
[EventDate "2014.01.30"]
[EventType "tourn"]
[EventRounds "5"]
[EventCountry "SUI"]
[EventCategory "22"]
[SourceTitle "CBM 159"]
[Source "ChessBase"]
[SourceDate "2014.03.17"]
[SourceVersion "1"]
[SourceVersionDate "2014.03.17"]
[SourceQuality "1"]

1. d4 Nf6 2. c4 g6 3. Nf3 Bg7 4. Nc3 d5 5. Qa4+ Bd7 6. Qb3 dxc4 7. Qxc4 O-O 8.
Bf4 c6 9. e4 {For this line, see Wang Hao - Dominguez in CBM 152 and
Mamedyarov - Giri in CBM 156.} b5 (9... Qa5 $1 {is quite to the point in this
system but Fabiano Caruana proves that the text move is not bad either.}) 10.
Qd3 {This retreat is more logical here than in the 5.Qb3 system, where Black's
bishop is still on c8 and can attack White's queen by means of ...Bc8-a6 
(after ...b5-b4).} c5 $5 {[%mdl 4] A rare but perhaps the most accurate move
order.} (10... Qa5 11. Be2 c5 (11... b4 12. Nd1 c5 13. d5 e6 14. Ne3 exd5 15.
exd5 c4 16. Qxc4 Rc8 17. Qd3 $16 {1-0 (46) Hillarp Persson,T (2528)-Grandelius,
N (2573) Orebro 2013}) 12. O-O b4 13. Nd1 $1 cxd4 14. Nxd4 Rd8 15. Rc1 $1 $36 (
{but not} 15. Ne3 $6 {1/2 (38) Wang,H (2737)-Dominguez Perez,L (2726) Tashkent
2012 CBM 152 [Krasenkow,M]} Nh5 $1 16. Bxh5 Qxh5 {, and now White must fight
for equality.})) 11. dxc5 Na6 12. e5 (12. Be3 Ng4 $132) 12... Nxc5 13. Qe3 Nh5
14. Bg5 Ne6 15. Rd1 (15. Be2 {passes the initiative to Black:} Nxg5 16. Qxg5 {
1-0 (29) Kustar,S (2383)-Liepold,S (2260) Bayern 2000} b4 $5 17. Ne4 Bf5 $36)
15... Qe8 ({Now in the event of} 15... Nxg5 16. Qxg5 b4 17. Nd5 {White keeps
pressure.}) 16. Bh6 $6 $146 {Hardly an improvement.} (16. Be2 f6 17. Bh6 Bxh6
18. Qxh6 Nhf4 19. O-O g5 (19... Bc6 $5) 20. Rfe1 Bc6 21. Bd3 Nxd3 22. Rxd3 Nf4
23. Rd4 Qg6 (23... Bxf3 $5) 24. Qxg6+ hxg6 25. exf6 exf6 26. h4 Bxf3 27. gxf3
b4 28. Ne2 Rad8 29. Rxd8 Nxe2+ 30. Rxe2 Rxd8 {1/2 (30) Jumabayev,R (2548)-Le
Quang,L (2712) Incheon 2013}) (16. Bd3 {is probably the most precise but Black
has no problems in any case:} f6 17. Bh6 Bxh6 18. Qxh6 Bc6 (18... Nhf4 19. O-O
Bc6 20. Nd4 $1) 19. Qe3 Nhf4 20. O-O $13) 16... Bxh6 17. Qxh6 Bc6 18. Qe3 a6 $6
{Too soft.} (18... b4 19. Ne4 Nhg7 {[%cal Rg7f5] looks very strong. White's
king is still uncastled and vulnerable.}) 19. Bd3 Nhf4 20. O-O Nxd3 21. Rxd3
Rd8 (21... b4 {was still possible but White could hold his ground:} 22. Ne2
Bxf3 23. Qxf3 Qb5 24. Rd5 Qa4 25. Nd4 Rac8 (25... Qxa2 26. Nc6) (25... Nxd4 26.
Rxd4 Qxa2 27. Rxb4) 26. a3 bxa3 27. Qxa3 Qxa3 28. bxa3 Nxd4 29. Rxd4 Rfd8 30.
Ra4 {etc.}) 22. Nd4 Nxd4 (22... b4 23. Nce2) 23. Rxd4 Rxd4 24. Qxd4 Qa8 25. f3
Rd8 26. Qc5 Qb7 27. Rd1 Rxd1+ 28. Nxd1 Qd7 29. Ne3 Qd2 30. Qc3 (30. Nf1 $5 {
White, however, correctly judged that Black was unable to break up White's
defence in the B vs N ending.}) 30... Qxc3 31. bxc3 {[%mdl 4096]} f6 (31... Kg7
$142 32. Kf2 f6 33. exf6+ Kxf6 {quickly centralizing the king.}) 32. exf6 exf6
33. Kf2 Kf7 34. Ke2 Ke6 35. Kd3 h5 (35... Ke5 36. Ng4+) 36. Kd4 h4 $6 {There
was no need to allow the invasion of White's king.} (36... Kd6 $142 $11) 37.
Kc5 {It is now Black who must take care in order to get the draw. Fortunately,
even after the loss of the a6 pawn he is out of danger.} Ba8 38. f4 (38. Kb6 $6
h3) 38... g5 39. g3 hxg3 40. hxg3 gxf4 41. gxf4 Be4 42. Kb6 Kd6 43. Kxa6 Kc5
44. a3 Bf3 45. Ka7 Kc6 46. Kb8 Kb6 47. Nf5 Bg4 48. Nd6 Be6 49. Ne4 f5 50. Nd2
Bd5 51. Kc8 Ka5 52. Kc7 Ka4 53. Kb6 (53. Kd6 Bg2 54. Ke5 Kxa3 55. Kxf5 b4 56.
cxb4 Kxb4 {is a theoretical draw, similar to the game continuation.}) 53... Bg2
54. c4 bxc4 55. Nxc4 Bd5 56. Kc5 Bg8 57. Kd4 Kb3 58. Nd6 Kxa3 59. Ke5 Kb4 60.
Kf6 Kc5 61. Nxf5 Bh7 $11 62. Ne7 Bb1 63. Ke5 Bh7 64. Nd5 Kc6 65. Nf6 Bb1 66. f5
Bxf5 67. Kxf5 1/2-1/2

[Event "Zuerich Chess Challenge Rapid"]
[Site "Zuerich"]
[Date "2014.02.04"]
[Round "3"]
[White "Anand, Viswanathan"]
[Black "Caruana, Fabiano"]
[Result "0-1"]
[WhiteElo "2773"]
[BlackElo "2781"]
[PlyCount "138"]
[EventDate "2014.02.04"]
[EventType "tourn (rapid)"]
[EventRounds "5"]
[EventCountry "SUI"]
[EventCategory "22"]
[SourceTitle "CBM 159"]
[Source "ChessBase"]
[SourceDate "2014.03.17"]
[SourceVersion "1"]
[SourceVersionDate "2014.03.17"]
[SourceQuality "1"]

1. e4 c5 2. Nf3 e6 3. d4 cxd4 4. Nxd4 a6 5. Be2 Nf6 6. Nc3 Qc7 7. O-O Bc5 8.
Bg5 Nc6 9. Nxc6 bxc6 10. Kh1 d5 11. Bd3 Be7 12. f4 Bb7 13. Qe1 h6 14. Bh4 O-O
15. e5 Ne8 16. Bxe7 Qxe7 17. Ne2 c5 18. c3 a5 19. Ng1 Ba6 20. Bxa6 Rxa6 21. c4
Nc7 22. b3 a4 23. Nf3 Rfa8 24. Rb1 axb3 25. axb3 Ra2 26. Rf2 Qd7 27. Rxa2 Rxa2
28. h3 Na6 29. Ra1 Rxa1 30. Qxa1 Nb4 31. Qa8+ Kh7 32. Qf8 Nd3 33. f5 exf5 34.
Qd6 Qa7 35. Qxd5 Nf4 36. Qd2 Ne6 37. Kh2 Qb7 38. Qd3 g6 39. Kg1 Kg7 40. Kf2 Qa8
41. Qc2 Qa1 42. Qd2 Qb1 43. Qc3 Kg8 44. Ne1 Ng5 45. Qc2 Qa1 46. Nd3 Ne4+ 47.
Ke3 Qg1+ 48. Kf3 Qh2 49. Ne1 Qxe5 50. Ke2 Qg3 51. Qd3 Qf2+ 52. Kd1 Qb2 53. Qc2
Qd4+ 54. Ke2 h5 55. Qd3 Qe5 56. Kf1 Qf4+ 57. Ke2 Kg7 58. Qe3 Qe5 59. Nd3 Qh2
60. Nxc5 Qxg2+ 61. Ke1 Ng5 62. h4 Nf3+ 63. Kd1 Qg4 64. Kc2 f4 65. Qe7 Qf5+ 66.
Kc3 Ne5 67. Qg5 Qxg5 68. hxg5 h4 69. Ne4 Ng4 0-1

[Event "Gashimov Memorial-A 1st"]
[Site "Shamkir"]
[Date "2014.04.24"]
[Round "5"]
[White "Mamedyarov, Shakhriyar"]
[Black "Caruana, Fabiano"]
[Result "1-0"]
[WhiteElo "2760"]
[BlackElo "2783"]
[Annotator "Krasenkow,M"]
[PlyCount "167"]
[EventDate "2014.04.20"]
[EventType "tourn"]
[EventRounds "10"]
[EventCountry "AZE"]
[EventCategory "22"]
[SourceTitle "CBM 160"]
[Source "ChessBase"]
[SourceDate "2014.05.15"]
[SourceVersion "1"]
[SourceVersionDate "2014.05.15"]
[SourceQuality "1"]

1. d4 Nf6 2. c4 g6 3. Nc3 d5 4. Nf3 Bg7 5. cxd5 Nxd5 6. Bg5 {One of off-beat
continuations against the Grünfeld Defence which are gaining popularity.} Nxc3
(6... c5 7. Rc1 Nc6 $5 {is another option} (7... Nxc3 8. bxc3 {- game}) {
. Here is a recent practical example:} 8. Nxd5 Qxd5 9. Rxc5 Qxa2 10. e3 $5 (10.
Qc1 {was played earlier, e.g.} h6 11. Bd2 O-O 12. e3 Be6 13. Be2 Rac8 14. O-O
Nb8 15. Bc3 Rxc5 16. dxc5 Bxc3 17. Qxc3 Rc8 18. Nd4 Nc6 $11 {1/2 (42)
Zvjaginsev,V (2653)-Golod,V (2555) Rethymnon 2003}) 10... Qxb2 11. Be2 h6 12.
Bh4 e5 13. O-O exd4 14. exd4 O-O 15. d5 Nd4 16. Nxd4 Qxd4 17. Be7 Re8 18. Rc7
Qb6 19. d6 Be6 20. Bf3 $14 {0-1 (48) Grandelius,N (2562)-Salem,A (2546)
Istanbul 2012 Of course, all this needs further checking and analysis.}) (6...
h6 $5 7. Bh4 c5 8. Rc1 Nxc3 9. bxc3 O-O (9... Be6 10. e4) 10. e3 Be6 11. Qd2
Nc6 12. Be2 Bd5 13. O-O Qa5 14. c4 Bxf3 15. Qxa5 Nxa5 16. Bxf3 g5 {1/2 Colin,V
(2375)-Bobras,P (2563)/Hastings 2006/CBM 110 ext}) 7. bxc3 c5 8. Rc1 {This
position (which usually arises from the English opening: 1.c4 c5 2.Nf3 Nf6 3.
Nc3 d5 4.cxd5 Nxd5 5.d4 Nxc3 6.bxc3 g6 7.Bg5 Bg7) offers White some
alternatives like} (8. e3) ({or} 8. Qd2) 8... Bg4 $146 {Black has a lot of
satisfactory continuations:} (8... Qa5 9. Qd2 Bf5 (9... cxd4 10. cxd4 Qxd2+ 11.
Nxd2 Nc6 12. e3 Be6 13. Bc4 Bxc4 14. Rxc4 Kd7 15. Ke2 Na5 16. Ra4 b6 $11 {
1/2 (37) Smith,A (2484)-Nyback,T (2598) Puhajarve 2012}) 10. e3 Nd7 11. Be2 Nf6
12. O-O Ne4 13. Qb2 Nxg5 14. Bb5+ Kf8 15. Nxg5 Bf6 16. Nf3 Kg7 $11 {1/2 (50)
Rychagov,A (2512)-Grischuk,A (2705) Moscow 2004}) (8... Nc6 9. e3 h6 10. Bh4
O-O 11. Be2 Be6 12. Qd2 cxd4 (12... g5 13. Bg3 Qa5 14. d5 Rfd8 {0-1 (38) Ulko,
J (2451)-Nikolenko,O (2537) Moscow 2010} 15. e4 $14) 13. cxd4 g5 14. Bg3 Qa5
15. h4 Qxd2+ 16. Kxd2 g4 17. Ne1 Bxa2 18. Rc2 Bd5 19. Bxg4 e5 $132 {0-1 (58)
Van Wely,L (2678)-Safarli,E (2653) Antalya TUR 2013}) (8... O-O 9. Qd2 (9. e3
Be6 $5 (9... b6 10. Bd3 Bb7 11. O-O Nd7 12. e4 cxd4 13. cxd4 Nf6 14. d5 Rc8 15.
Qa4 $14 {1-0 (28) Arutinian,D (2556)-Bernasek,J (2487) Pardubice 2012}) (9...
cxd4 10. cxd4 Bg4 11. Qd2 Bxf3 12. gxf3 Qd5 13. Rg1 e5 14. dxe5 Qxe5 15. f4 Qe6
16. Bc4 $14 {1-0 (27) Ulko,J (2420)-Belitsky,A Nizhnij Novgorod 1998}) (9...
Nc6 $5) 10. Qa4 Nc6 11. Be2 Rc8 12. O-O h6 13. Bh4 g5 14. Bg3 Qa5 $1 15. Qxa5
Nxa5 $11 {0-1 (38) Banikas,H (2522)-Eljanov,P (2597) Plovdiv 2003 CBM 098 
[Ftacnik,L]}) (9. e4 Bg4 10. d5 Qa5 11. Qd2 e6 12. Be2 exd5 13. exd5 Bxf3 14.
Bxf3 Re8+ 15. Be3 Nd7 16. O-O Qa6 17. c4 Qd6 $11 {1-0 (37) Shipov,S (2557)
-Bykhovsky,A (2501) ICC INT 2010}) (9. d5 Bf5 $1) 9... Bg4 (9... Nc6 10. d5 Na5
11. c4 b6 12. e4 Qd7 13. Bd3 e5 {0-1 (39) Ulko,J (2443)-Belous,V (2554) Moscow
2013} 14. h4 $36) (9... cxd4 10. cxd4 Bf5 11. e3 h6 12. Bh4 Nc6 13. Be2 Qd7 14.
O-O Be4 15. Qb2 Rfc8 16. Rfd1 Bd5 17. Rc5 $14 {1-0 (24) Rychagov,A (2509)
-Smikovski,I (2538) Moscow 2006}) 10. e3 Bxf3 (10... Nc6 11. Be2 Qd5 12. Bh4 (
12. c4 Qf5 13. Bd3 Qd7 14. d5 Bxf3 15. gxf3 Ne5 16. Be2 f5 17. Bf4 Nf7 18. h4
e5 $15 {1/2 (26) Dubov,D (2498)-Khairullin,I (2638) Moscow 2012}) 12... Rad8
13. h3 Bc8 14. O-O Qd7 15. Rfd1 Qc7 16. Qb2 b6 17. Qa3 $14 {1-0 (68) Ulko,J 
(2420)-Vinokurov,A Nizhnij Novgorod 1998}) 11. gxf3 Nc6 12. Bg2 Qd5 13. Bh4 e5
14. dxe5 $2 (14. c4 $142) 14... Qc4 $1 15. f4 Nxe5 16. fxe5 Qxh4 17. O-O Rad8
18. Qe2 Bxe5 $17 {0-1 (28) Hochstrasser,M (2386)-Sutovsky,E (2675) Zuerich 2009
}) 9. Qb3 (9. Qd2 O-O {- see above}) 9... Qc7 (9... O-O $5 10. Qxb7 Nd7 {
A.Korotylev}) 10. e3 Bxf3 11. gxf3 O-O 12. d5 a6 13. a4 b5 $5 {[%mdl 512] A
very interesting pawn sacrifice, however, typical for variations of the
Grünfeld Defence in which White delays castling.} 14. axb5 axb5 15. Bxb5 (15.
Qxb5 $6 Qe5) 15... Nd7 16. c4 (16. f4 $5 {preventing ...Nd7-e5} Rfb8 $44) 16...
Ne5 17. Ke2 Ra7 18. f4 Ng4 {[%mdl 64] Black misses} (18... h6 $1 19. Bh4 (19.
fxe5 hxg5) 19... Rfa8 $3 ({or} 19... Qc8 20. h3 Qf5 $1 21. fxe5 Qh5+ 22. Kf1
Qxh4 {with an excellent position}) 20. fxe5 Qxe5 {with a strong attack 
(recommended by A.Korotylev)}) 19. Rc2 Nf6 20. Qd3 Rfa8 21. Bxf6 Bxf6 {Still,
in this position Black should have enough counterplay for the missing pawn. He
controls the a-file, White's b5 bishop is out of play, and it is very
difficult for White to push his e-pawn.} 22. Bc6 Rb8 23. h3 Rb6 24. Bb5 Qc8 25.
Rd2 Kg7 26. Kf3 Ra1 27. Rdd1 Ra2 28. Kg2 {White has removed his king from the
dangerous area.} Bh4 (28... Qa8 {, keeping control of the a-file, looks more
logical}) 29. Rhf1 Rf6 $6 {[%mdl 32] Black wants to push ...g6-g5 but this is
not a good plan.} 30. Qb3 Ra7 $6 (30... Qa8 {still enabled Black to control
the a-file due to the resource} 31. Qc3 g5 $1 32. fxg5 Bxg5 33. Ra1 (33. Bd7
$142 {bringing the bishop into play}) 33... Bh4 $1) 31. Qc3 Kh6 32. Ra1 Rxa1
33. Qxa1 g5 34. fxg5+ Bxg5 35. Qe5 {Black has no longer has any compensation
for the pawn; still, it is difficult for White to convert it due to the
opposite-coloured bishops.} Bh4 36. Qe4 Rg6+ 37. Kh2 Bf6 38. Ba4 Qc7+ 39. Kh1
Qc8 40. Qf3 Kg7 41. Bc2 Rg5 42. Rb1 Be5 43. Rg1 {Alas, White has no better
plan.} Rxg1+ 44. Kxg1 {[%mdl 4096]} Bd6 45. Kg2 Qg8 46. Qh5 Kh8+ 47. Kf1 Qg7
48. f4 Kg8 49. Kf2 Kh8 50. Kf3 Bc7 51. Qf5 Bd6 52. Qh5 Bc7 53. Bb1 Bb8 54. Bd3
Bd6 55. h4 (55. e4 $5 {was a good opportunity to advance White's central pawns
but after} Qg6 $1 ({but not} 55... Qc3 56. Qxf7 $1 Qxd3+ 57. Kg4 {, and Black
has nothing better than} h5+ 58. Qxh5+ Kg7 59. e5 {, where White should win})
56. Qxg6 hxg6 57. e5 Bb8 58. Ke4 f5+ $1 59. Kf3 Kg7 {Black should hold a draw.}
) 55... Qg8 56. Bc2 Qg7 57. Bd3 Qg8 58. Be4 Qg7 59. Bb1 Qg8 60. Bd3 Qg7 61. e4
{With the pawn on h4, this advance gives Black a choice.} Qc3 (61... Qg6 {
is still possible but the text move is good, too.}) 62. Qxf7 Qxd3+ 63. Kg4 Qe2+
64. Kf5 h5 $1 {[%cal Re2g4] That's the difference! White doesn't control the
g4-square.} 65. Qf8+ Kh7 66. Qf7+ Kh8 67. Qg6 {The last try, which
unexpectedly succeeds.} (67. Qe8+ $5 Kg7 68. Qg6+ Kf8 $1 69. e5 {was another
interesting attempt:} Bb8 $1 (69... Bxe5 $6 70. fxe5 Qxc4) 70. Qh6+ Ke8 $1 71.
Qh8+ Kd7 72. e6+ (72. Qxb8 Qg4+ 73. Ke4 Qe2+ $11) 72... Kc7 73. d6+ Kb7 $1 (
73... exd6 $143 74. Qh7+ Kb6 75. Kf6) 74. dxe7 Qg4+ 75. Kf6 Qxf4+ 76. Kg6 Qg4+
77. Kf7 Qf5+ 78. Qf6 Qh7+ 79. Qg7 (79. Kf8 Bd6) 79... Qf5+ 80. Kg8 Qxe6+ 81.
Qf7 Qg4+ 82. Kh7 Qe4+ 83. Kh6 Qe3+ 84. Kxh5 Qe2+ {, and White can't escape the
perpetual}) 67... Qxc4 $2 {In the seventh hour of play Black finally goes
astray.} (67... Qf3 $1 68. e5 (68. Qh6+ Kg8 69. Qg5+ Kf7 $5 70. Qg6+ Kf8) 68...
Qh3+ 69. Ke4 Qh1+ $11) 68. Qxh5+ Kg7 69. Qg6+ Kh8 70. Ke6 {White's king finds
a shelter, and his pawns decide the game.} Qf1 71. Qh6+ Kg8 72. Qg6+ Kh8 73.
Qh5+ Kg7 74. Qg4+ Kf8 75. Qh5 Kg7 76. Qg5+ $1 Kf8 77. e5 Qb1 78. Qh6+ Kg8 79.
Qg5+ Kf8 80. f5 $1 Bxe5 81. Qxe7+ Kg8 82. Kxe5 Qb2+ 83. Ke6 Qe2+ 84. Kf6 1-0

[Event "Gashimov Memorial-A 1st"]
[Site "Shamkir"]
[Date "2014.04.26"]
[Round "6"]
[White "Caruana, Fabiano"]
[Black "Nakamura, Hikaru"]
[Result "1/2-1/2"]
[WhiteElo "2783"]
[BlackElo "2772"]
[Annotator "Szabo,Kr"]
[PlyCount "82"]
[EventDate "2014.04.20"]
[EventType "tourn"]
[EventRounds "10"]
[EventCountry "AZE"]
[EventCategory "22"]
[SourceTitle "CBM 160"]
[Source "ChessBase"]
[SourceDate "2014.05.15"]
[SourceVersion "1"]
[SourceVersionDate "2014.05.15"]
[SourceQuality "1"]

1. e4 e5 2. Nf3 Nc6 3. Bb5 a6 4. Ba4 Nf6 5. O-O Nxe4 6. d4 b5 7. Bb3 d5 8. dxe5
Be6 9. Nbd2 Nc5 10. c3 Be7 11. Bc2 d4 {This line has become very popular in
the last four years at the top level. In this type of Open Ruy Lopez, White
usually wants to retain the d4-square, but now Black immediately avoids this.}
12. Nb3 d3 13. Bb1 Nxb3 14. axb3 Bf5 15. Re1 (15. Be3) ({and} 15. b4 {are the
other lines.}) 15... O-O 16. b4 (16. Be3 {is another main line.}) 16... Qd7 (
16... Qd5 $6 {was the first top game in 2009,} 17. h3 Rfd8 18. g4 $1 Be6 19.
Re3 $16 {and now the d3-pawn is lost, Karjakin-Mamedyarov, Khanty-Mansiysk
2009.}) 17. h3 (17. Bg5 Rfd8 (17... Bxg5 $5 18. Nxg5 h6 {was easier and Black
looks OK.}) 18. Bxe7 Qxe7 19. Re3 a5 20. bxa5 Rxa5 21. Rxa5 Nxa5 22. Nd4 Bg6
23. e6 Nc4 $132 {with a double-edged fight, Safarli-Nakamura, Tromso m/2 2013.}
) 17... Bg6 18. Bg5 $1 $146 {A nice novelty by Caruana.} ({Four years ago
Caruana already had a game with Black for} 18. Ba2 Kh8 19. Bf4 a5 20. bxa5 Rxa5
21. b4 Ra4 22. Bb3 Rxa1 23. Qxa1 Nd8 24. Qa7 Ne6 25. Bd2 Rd8 26. Bxe6 fxe6 27.
Nd4 Bxb4 28. Nxb5 Qxb5 29. cxb4 Rc8 30. Qa5 Qd7 31. Ra1 Be4 32. Qc5 $11 {
and the position should be equal, but later White managed to win,
Shirov-Caruana, Wijk aan Zee 2010.}) 18... Bxg5 19. Nxg5 a5 {A typical
reaction. Black simplifies the position on the queenside and he gets rid of
the a6 weakness. On the other hand this move allows White's reply.} ({In the
event of} 19... Rfe8 {, the engine suggests} 20. e6 $1 fxe6 21. Re3 $1 {
What interesting play!} h6 22. Nxe6 $1 Qd6 23. Qg4 (23. Ba2 Kh7 $132 {with a
very complicated middlegame}) 23... Ne5 24. Rxe5 Qxe5 25. Qxg6 Qxe6 26. Qxe6+ (
26. Ba2 $4 {is losing, because of} Qxa2 $1 27. Rxa2 d2 $19 {and suddenly Black
is winning}) 26... Rxe6 27. Ba2 Kf7 28. Re1 Rae8 29. Re3 d2 30. Rd3 Kf6 31.
Bxe6 Kxe6 32. Rxd2 $14 {and finally White has a P up in this R endgame.}) 20.
e6 $1 fxe6 21. Nxe6 Rfe8 22. Nc5 (22. Bxd3 Bxd3 23. Nc5 Rxe1+ 24. Qxe1 Qe7 25.
Qxe7 Nxe7 26. Nxd3 Rd8 27. Ne5 axb4 28. cxb4 {is a little bit similar to the
game.}) 22... Qd6 23. Bxd3 (23. Rxe8+ Rxe8 24. Bxd3 {transposes to the game.})
23... Rxe1+ 24. Qxe1 Re8 25. Qd1 axb4 26. cxb4 (26. Bxg6 $1 {was more exact}
Qxd1+ (26... hxg6 27. Qxd6 cxd6 28. Nb7 $14) 27. Rxd1 hxg6 28. Na6 $1 {and the
position is more comfortable with White, but I think it will be also equal.})
26... Bxd3 27. Qxd3 (27. Nxd3 Nxb4 28. Qh5 Rf8 {and Black can hold.}) 27...
Qxd3 28. Nxd3 Rd8 $44 {Still White has a P up, but du to his weak queenside P
Black should have enough compensation in this endgame.} 29. Ra3 Rd4 30. Rb3 Ne7
31. Nc5 c6 32. Re3 Nd5 33. Re6 Nxb4 34. Re7 Rd6 35. Ne6 Nd5 36. Rxg7+ Kh8 37.
Nc7 Rd8 38. Rf7 Kg8 39. Rg7+ Kh8 40. Rf7 Kg8 41. Rg7+ {A nice repetition...}
Kh8 {and a draw.} 1/2-1/2